Sports Quiz

Random Sports Quiz
Score 0/187 Timer 07:00
0 Plays Today
Match Answer % Correct
NetherlandsRaphaël Varane
100%
RussiaHugo Lloris
100%
RussiaRaphaël Varane
100%
CameroonHugo Lloris
100%
ScotlandHugo Lloris
100%
RomaniaHugo Lloris
100%
AlbaniaHugo Lloris
100%
SwitzerlandHugo Lloris
100%
IrelandHugo Lloris
100%
IcelandHugo Lloris
100%
GermanyHugo Lloris
100%
PortugalHugo Lloris
100%
ItalyRaphaël Varane
100%
BelarusRaphaël Varane
100%
BulgariaHugo Lloris
100%
BulgariaRaphaël Varane
100%
NetherlandsHugo Lloris
100%
NetherlandsRaphaël Varane
100%
SwedenHugo Lloris
100%
SwedenRaphaël Varane
100%
Ivory CoastRaphaël Varane
100%
NetherlandsPaul Pogba
98.9%
NetherlandsAntoine Griezmann
98.9%
NetherlandsOlivier Giroud
98.9%
RussiaPaul Pogba
98.9%
RussiaAntoine Griezmann
98.9%
CameroonPaul Pogba
98.9%
CameroonOlivier Giroud
98.9%
ScotlandPaul Pogba
98.9%
ScotlandOlivier Giroud
98.9%
RomaniaPaul Pogba
98.9%
RomaniaAntoine Griezmann
98.9%
RomaniaOlivier Giroud
98.9%
AlbaniaOlivier Giroud
98.9%
SwitzerlandPaul Pogba
98.9%
SwitzerlandAntoine Griezmann
98.9%
IrelandPaul Pogba
98.9%
IrelandOlivier Giroud
98.9%
IrelandAntoine Griezmann
98.9%
IcelandPaul Pogba
98.9%
IcelandAntoine Griezmann
98.9%
IcelandOlivier Giroud
98.9%
GermanyPaul Pogba
98.9%
GermanyAntoine Griezmann
98.9%
GermanyOlivier Giroud
98.9%
PortugalPaul Pogba
98.9%
PortugalAntoine Griezmann
98.9%
PortugalOlivier Giroud
98.9%
ItalyPaul Pogba
98.9%
ItalyAntoine Griezmann
98.9%
ItalyOlivier Giroud
98.9%
BelarusPaul Pogba
98.9%
BelarusAntoine Griezmann
98.9%
BelarusOlivier Giroud
98.9%
BulgariaPaul Pogba
98.9%
BulgariaAntoine Griezmann
98.9%
NetherlandsPaul Pogba
98.9%
NetherlandsAntoine Griezmann
98.9%
SwedenPaul Pogba
98.9%
SwedenAntoine Griezmann
98.9%
SwedenOlivier Giroud
98.9%
Ivory CoastPaul Pogba
98.9%
NetherlandsLaurent Koscielny
98.6%
Match Answer % Correct
CameroonLaurent Koscielny
98.6%
ScotlandLaurent Koscielny
98.6%
RomaniaLaurent Koscielny
98.6%
AlbaniaLaurent Koscielny
98.6%
SwitzerlandLaurent Koscielny
98.6%
IrelandLaurent Koscielny
98.6%
IcelandLaurent Koscielny
98.6%
GermanyLaurent Koscielny
98.6%
PortugalLaurent Koscielny
98.6%
ItalyLaurent Koscielny
98.6%
BelarusLaurent Koscielny
98.6%
BulgariaLaurent Koscielny
98.6%
NetherlandsLaurent Koscielny
98.6%
SwedenLaurent Koscielny
98.6%
NetherlandsSteve Mandanda
97.2%
ItalySteve Mandanda
97.2%
BelarusSteve Mandanda
97.2%
NetherlandsBlaise Matuidi
96.8%
CameroonBlaise Matuidi
96.8%
ScotlandBlaise Matuidi
96.8%
RomaniaBlaise Matuidi
96.8%
AlbaniaBlaise Matuidi
96.8%
IrelandBlaise Matuidi
96.8%
IcelandBlaise Matuidi
96.8%
GermanyBlaise Matuidi
96.8%
PortugalBlaise Matuidi
96.8%
ItalyBlaise Matuidi
96.8%
BulgariaBlaise Matuidi
96.8%
NetherlandsBlaise Matuidi
96.8%
SwedenBlaise Matuidi
96.8%
RussiaBakari Sagna
96.5%
CameroonBakari Sagna
96.5%
ScotlandBakari Sagna
96.5%
RomaniaBakari Sagna
96.5%
AlbaniaBakari Sagna
96.5%
SwitzerlandBakari Sagna
96.5%
IrelandBakari Sagna
96.5%
IcelandBakari Sagna
96.5%
GermanyBakari Sagna
96.5%
PortugalBakari Sagna
96.5%
BulgariaBakari Sagna
96.5%
NetherlandsBakari Sagna
96.5%
NetherlandsPatrice Évra
96.1%
RussiaPatrice Évra
96.1%
CameroonPatrice Évra
96.1%
ScotlandPatrice Évra
96.1%
RomaniaPatrice Évra
96.1%
AlbaniaPatrice Évra
96.1%
SwitzerlandPatrice Évra
96.1%
IrelandPatrice Évra
96.1%
IcelandSamuel Umtiti
96.1%
IcelandPatrice Évra
96.1%
GermanySamuel Umtiti
96.1%
GermanyPatrice Évra
96.1%
PortugalSamuel Umtiti
96.1%
PortugalPatrice Évra
96.1%
SwedenPatrice Évra
96.1%
NetherlandsDimitri Payet
95.1%
CameroonDimitri Payet
95.1%
ScotlandDimitri Payet
95.1%
RomaniaDimitri Payet
95.1%
AlbaniaDimitri Payet
95.1%
IrelandDimitri Payet
95.1%
Match Answer % Correct
IcelandDimitri Payet
95.1%
GermanyDimitri Payet
95.1%
PortugalDimitri Payet
95.1%
BulgariaDimitri Payet
95.1%
NetherlandsDimitri Payet
95.1%
SwedenDimitri Payet
95.1%
Ivory CoastDimitri Payet
95.1%
RussiaN'Golo Kanté
94.7%
ScotlandN'Golo Kanté
94.7%
RomaniaN'Golo Kanté
94.7%
AlbaniaN'Golo Kanté
94.7%
IrelandN'Golo Kanté
94.7%
ItalyN'Golo Kanté
94.7%
BelarusN'Golo Kanté
94.7%
Ivory CoastN'Golo Kanté
94.7%
SwitzerlandMoussa Sissoko
94%
IcelandMoussa Sissoko
94%
GermanyMoussa Sissoko
94%
PortugalMoussa Sissoko
94%
BelarusMoussa Sissoko
94%
BulgariaMoussa Sissoko
94%
NetherlandsMoussa Sissoko
94%
SwedenMoussa Sissoko
94%
CameroonAdil Rami
93.3%
ScotlandAdil Rami
93.3%
RomaniaAdil Rami
93.3%
AlbaniaAdil Rami
93.3%
SwitzerlandAdil Rami
93.3%
IrelandAdil Rami
93.3%
Ivory CoastAdil Rami
93.3%
RussiaAnthony Martial
90.9%
AlbaniaAnthony Martial
90.9%
ItalyAnthony Martial
90.9%
BelarusAnthony Martial
90.9%
RussiaAndré-Pierre Gignac
89.5%
SwitzerlandAndré-Pierre Gignac
89.5%
CameroonKingsley Coman
87%
ScotlandKingsley Coman
87%
AlbaniaKingsley Coman
87%
SwitzerlandKingsley Coman
87%
Ivory CoastLucas Digne
85.6%
ItalyDjibril Sidibé
84.2%
BelarusDjibril Sidibé
84.2%
SwedenDjibril Sidibé
84.2%
Ivory CoastDjibril Sidibé
84.2%
SwitzerlandYohan Cabaye
80.4%
RussiaMamadou Sakho
80%
ItalyLayvin Kurzawa
79.6%
BelarusLayvin Kurzawa
79.6%
BulgariaLayvin Kurzawa
79.6%
NetherlandsLayvin Kurzawa
79.6%
Ivory CoastBenoit Costil
75.1%
NetherlandsChristophe Jallet
74.7%
Ivory CoastOusmane Dembélé
68.4%
BulgariaKevin Gameiro
67.7%
NetherlandsKevin Gameiro
67.7%
Ivory CoastKevin Gameiro
67.7%
NetherlandsLassana Diarra
63.5%
RussiaLassana Diarra
63.5%
CameroonLassana Diarra
63.5%
Ivory CoastAdrien Rabiot
59.3%
Remove Ads.
Support Sporcle.
Get the best of Sporcle when you Go Orange. This ad-free experience offers more features, more stats, and more fun while also helping to support Sporcle. Thank you for becoming a member.

You're not logged in!

Compare scores with friends on all Sporcle quizzes.
OR
Log In

Show Comments

Extras

Top Quizzes Today


Score Distribution

Your Account Isn't Verified!

In order to create a playlist on Sporcle, you need to verify the email address you used during registration. Go to your Sporcle Settings to finish the process.

Report this User

Report this user for behavior that violates our Community Guidelines.

Details: